| 000 | 03091cam a2200361 a 4500 | ||
|---|---|---|---|
| 001 | 15746429 | ||
| 005 | 20210414114232.0 | ||
| 008 | 090521s2009 cau b 001 0 eng | ||
| 010 | _a 2009019777 | ||
| 020 | _a9780470499634 (cloth) | ||
| 020 | _a047049963X (cloth) | ||
| 035 | _a(OCoLC)ocn317456311 | ||
| 040 |
_aDLC _cDLC _dBTCTA _dYDXCP _dC#P _dBWX _dLUNCL _dDLC |
||
| 043 | _ad------ | ||
| 050 | 0 | 0 |
_aHQ1240.5.D44 _bC36 |
| 082 | 0 | 0 |
_a305.48/96942091724 _222 |
| 100 | 1 | _aCantando, Mary. | |
| 245 | 1 | 0 |
_aLeading with care :how women around the world are inspiring businesses, empowering communities, and creating opportunity. / _cMary Cantando ; foreword by Sheila C. Johnson ; afterword by Helene Gayle. |
| 250 | _a1st ed. | ||
| 260 |
_aSan Francisco, CA : _bJossey-Bass, _cc2009. |
||
| 300 |
_ax, 214 p. ; _c24 cm. |
||
| 504 | _aIncludes bibliographical references and index. | ||
| 505 | _aContents: Developing self- sufficiency: Creating self- sufficiency through training -- Blazing a path through sports -- Overcoming challenges to achieve self- sufficiency -- Gaining self- sufficiency while helping others -- Implementing self- sufficiency in your own life -- Capitalizing on opportunity: Capitalizing on opportunity in Niger -- Seizing good fortune -- Building a different kind of business -- Overcoming Naysayers -- Capitalizing on opportunity in your own life -- Building community: Building community in India -- Building community everywhere -- Joining forces in the business world -- Creating an Advisory board community -- Building community in your own life -- Protecting the environment through action and policy: Providing clean water in Mozambique -- protecting the environment through corporate leadership -- Saving the environment one plate at a time -- Building for the future -- Safeguarding the environment in your own life -- Addressing discrimination: Overcoming discrimination through literacy -- Addressing Discrimination through corporate leadership -- Learning to capitalize on the differences -- Overcoming bias in the legal profession -- Addressing discrimination in your own life. | ||
| 520 | 1 | _a"In Leading with Care, management expert Mary Cantando examines the stories of trailblazing women in the developing world who, with help from the nonprofit organization CARE, have capitalized on personal and professional opportunities on the road to establishing self-sufficiency. As their stories reveal, through CARE, women around the world have overcome adversity co build new businesses, improve their health, prioritize education, and foster change in their communities."--BOOK JACKET. | |
| 650 | 0 |
_aWomen in development _zDeveloping countries. |
|
| 650 | 0 |
_aPoor women _zDeveloping countries. |
|
| 650 | 0 |
_aEntrepreneurship _zDeveloping countries. |
|
| 650 | 0 |
_aLeadership in women _zDeveloping countries. |
|
| 710 | 2 | _aCARE/International. | |
| 906 |
_a7 _bcbc _corignew _d1 _eecip _f20 _gy-gencatlg |
||
| 942 |
_2lcc _cBK |
||
| 999 |
_c3118 _d10618 |
||